Korunk- köszöntő. {Korunk}. [On Korunk]

Elmentve itt :
Bibliográfiai részletek
Szerző: SZABÓ Zsolt
Adatforrás:Meister
Forrásdokumentuma:Művelődés. -
2001. 2, 3.
Nyelv:magyar
Kulcsszavak:művelődési élet
viata culturala
cultural life
Korunk
LEADER 00414nab a2200157 i 4500
001 bibPRO00012899
008 080908s2001 xx hun
040 |a Sz1 
041 |a hun 
100 1 |a SZABÓ Zsolt 
245 1 0 |a Korunk- köszöntő. {Korunk}. [On Korunk]  |c SZABÓ Zsolt 
695 |a művelődési élet 
695 |a viata culturala 
695 |a cultural life 
695 |a Korunk 
773 0 |t Művelődés. -  |g 2001. 2, 3.